Making sense of latin american immigrant experiences in the United States /

Gespeichert in:
Bibliographische Detailangaben
1. Verfasser: Mummert, Gail
Format: Text
Tags: Tag hinzufügen
Keine Tags, Fügen Sie den ersten Tag hinzu!

MARC

LEADER 00000 a a2200000 04500
001 43682
003
040
100 |a Mummert, Gail  
245 |a Making sense of latin american immigrant experiences in the United States /  |c Gail Mummert  
773 |g volumen45, número1 ( , 2010), páginas 244-255  
999 |c 38619  |d 38619